Negationism in India: (Record no. 152881)

MARC details
000 -LEADER
fixed length control field 00575nam a22001937a 4500
005 - DATE AND TIME OF LATEST TRANSACTION
control field 20180621110624.0
010 ## - LCCN (DPL NO)
LC control number ENG-123264
020 ## - INTERNATIONAL STANDARD BOOK NUMBER
International Standard Book Number 9788185990958
Terms of availability 300.00
035 ## - SYSTEM CONTROL NUMBER
System control number EN-106796
037 ## - SOURCE OF ACQUISITION
Source of stock number/acquisition DBAD/PUB
082 ## - DEWEY DECIMAL CLASSIFICATION NUMBER
Classification number 320.9540904
100 ## - MAIN ENTRY--PERSONAL NAME
Personal name Elst, Koenraad
245 ## - TITLE STATEMENT
Title Negationism in India:
Statement of responsibility, etc by Koenraad Elst
Remainder of title concealing the record of Islam/
260 ## - PUBLICATION, DISTRIBUTION, ETC. (IMPRINT)
Place of publication, distribution, etc New Delhi
Name of publisher, distributor, etc Voice of India
Date of publication, distribution, etc 2014
270 ## - ADDRESS
Address 2/18, Ansari Road,
City New Delhi
300 ## - PHYSICAL DESCRIPTION
Extent 243p.
Dimensions 21cm(pbk)
500 ## - GENERAL NOTE
General note It includes index
942 ## - ADDED ENTRY ELEMENTS (KOHA)
Source of classification or shelving scheme Dewey Decimal Classification
Item type English Books
Call number suffix ELS
Classification part 320.9540904
Holdings
Withdrawn status Lost status Not for loan Collection code Home library Current library Date acquired Source of acquisition Cost, normal purchase price Full call number Barcode Copy number Cost, replacement price Koha item type
    Not For Loan Non-fiction D.B.Act.Division Patel Nagar 20/06/2018 DBAD/PUB 300.00 320.9540904 ELS EN-106796 1 300.00 English Books

© Delhi Public Library
Hit Counter
free hit counter